| 000 -LEADER |
| fixed length control field |
02602cam a2200493 a 4500 |
| 001 - CONTROL NUMBER |
| control field |
16833553 |
| 003 - CONTROL NUMBER IDENTIFIER |
| control field |
OSt |
| 005 - DATE AND TIME OF LATEST TRANSACTION |
| control field |
20240214154750.0 |
| 008 - FIXED-LENGTH DATA ELEMENTS--GENERAL INFORMATION |
| fixed length control field |
110610s2010 gw a c 000 0 chi d |
| 010 ## - LIBRARY OF CONGRESS CONTROL NUMBER |
| LC control number |
2011454863 |
| 020 ## - INTERNATIONAL STANDARD BOOK NUMBER |
| International Standard Book Number |
9783869221281 (Contemporary Green Buildings) |
| 020 ## - INTERNATIONAL STANDARD BOOK NUMBER |
| International Standard Book Number |
9783869221298 (Catalogue Updating China) |
| 020 ## - INTERNATIONAL STANDARD BOOK NUMBER |
| International Standard Book Number |
3869221291 (Catalogue Updating China) |
| 020 ## - INTERNATIONAL STANDARD BOOK NUMBER |
| International Standard Book Number |
3869221283 |
| 035 ## - SYSTEM CONTROL NUMBER |
| System control number |
(OCoLC)ocn724297230 |
| 040 ## - CATALOGING SOURCE |
| Original cataloging agency |
MNU |
| Transcribing agency |
MNU |
| Modifying agency |
COA |
| -- |
CUS |
| -- |
DHT |
| -- |
UAT |
| -- |
AU@ |
| -- |
DLC |
| 041 0# - LANGUAGE CODE |
| Language code of text/sound track or separate title |
chi |
| -- |
ger |
| -- |
eng |
| 042 ## - AUTHENTICATION CODE |
| Authentication code |
lccopycat |
| 043 ## - GEOGRAPHIC AREA CODE |
| Geographic area code |
a-cc--- |
| 050 00 - LIBRARY OF CONGRESS CALL NUMBER |
| Classification number |
NA2542.36 |
| Item number |
.U63 2010 |
| 082 ## - DEWEY DECIMAL CLASSIFICATION NUMBER |
| Classification number |
720 |
| Author Mark |
CON |
| 084 ## - OTHER CLASSIFICATION NUMBER |
| Classification number |
720 |
| Number source |
sdnb |
| 084 ## - OTHER CLASSIFICATION NUMBER |
| Classification number |
LO 89420 |
| Number source |
rvk |
| 245 00 - TITLE STATEMENT |
| Title |
Contemporary green buildings in China : |
| Remainder of title |
Art and architecture for sustainability 2000-2020/ |
| Statement of responsibility, etc. |
Edited by Li Xiangning, Christian Dubrau. |
| 246 14 - VARYING FORM OF TITLE |
| Title proper/short title |
Contemporary green buildings in China : |
| Remainder of title |
art and architecture for sustainability, 2000-2020 |
| 246 31 - VARYING FORM OF TITLE |
| Title proper/short title |
Updating China |
| 246 31 - VARYING FORM OF TITLE |
| Title proper/short title |
Nachhaltiges Planen und Bauen in China |
| 260 ## - PUBLICATION, DISTRIBUTION, ETC. |
| Place of publication, distribution, etc. |
Berlin : |
| Name of publisher, distributor, etc. |
DOM Publishers, |
| Date of publication, distribution, etc. |
c2010. |
| 300 ## - PHYSICAL DESCRIPTION |
| Extent |
335 p. : |
| Other physical details |
col. ill. ; |
| Dimensions |
29 cm. |
| 500 ## - GENERAL NOTE |
| General note |
Non-Latin script record |
| 520 8# - SUMMARY, ETC. |
| Summary, etc. |
China is going through massive changes at the moment ranging from economy and society to culture. The bilt environment is definitely also part of this. Was it just four years back only about bringing prestigious names and projects into the country has this evolved into a wide ranging ecology and sustainability trend. Probably fueled by the western input, Cina has leapfrogged directly into the sustainability discussion and this directly influences the project planing and delivery. |
| 546 ## - LANGUAGE NOTE |
| Language note |
Chinese, German, and English. |
| 650 #0 - SUBJECT ADDED ENTRY--TOPICAL TERM |
| Topical term or geographic name entry element |
Sustainable architecture |
| Geographic subdivision |
China |
| Form subdivision |
Exhibitions. |
| 9 (RLIN) |
120405 |
| 650 #0 - SUBJECT ADDED ENTRY--TOPICAL TERM |
| Topical term or geographic name entry element |
Sustainable buildings |
| Geographic subdivision |
China |
| Form subdivision |
Exhibitions. |
| 9 (RLIN) |
120406 |
| 650 #0 - SUBJECT ADDED ENTRY--TOPICAL TERM |
| Topical term or geographic name entry element |
Architecture |
| Geographic subdivision |
China |
| General subdivision |
History |
| Chronological subdivision |
21st century. |
| 9 (RLIN) |
120407 |
| 650 #0 - SUBJECT ADDED ENTRY--TOPICAL TERM |
| Topical term or geographic name entry element |
Architecture |
| General subdivision |
Environmental aspects |
| Geographic subdivision |
China. |
| 9 (RLIN) |
120408 |
| 700 1# - ADDED ENTRY--PERSONAL NAME |
| Personal name |
Li, Xiangning. |
| 9 (RLIN) |
120409 |
| 700 1# - ADDED ENTRY--PERSONAL NAME |
| Personal name |
Dubrau, Christian, |
| Dates associated with a name |
1978- |
| 9 (RLIN) |
120410 |
| 856 42 - ELECTRONIC LOCATION AND ACCESS |
| Materials specified |
Publisher description |
| Uniform Resource Identifier |
<a href="http://www.loc.gov/catdir/enhancements/fy1208/2011454863-d.html">http://www.loc.gov/catdir/enhancements/fy1208/2011454863-d.html</a> |
| 880 00 - ALTERNATE GRAPHIC REPRESENTATION |
| Linkage |
245-01 |
| Title |
更新中国 : |
| b |
为了一个可持续的未来 = Updating China : projects for a sustainable future = Nachhaltiges Planen und Bauen in China / |
| c |
curated by Li Xiangning ; edited by Li Xiangning, Christian Dubrau. |
| 906 ## - LOCAL DATA ELEMENT F, LDF (RLIN) |
| a |
7 |
| b |
cbc |
| c |
copycat |
| d |
3 |
| e |
ncip |
| f |
20 |
| g |
y-nonroman |
| 942 ## - ADDED ENTRY ELEMENTS (KOHA) |
| Source of classification or shelving scheme |
|
| Koha item type |
Book |